| 000 | 00979nam a22003017a 4500 | ||
|---|---|---|---|
| 001 | 5478 | ||
| 003 | FISKH | ||
| 005 | 20260106101112.0 | ||
| 008 | 241210b cb ||||| |||| 00| 0 eng d | ||
| 020 | _a0590870386 | ||
| 040 |
_aFISKH _beng _cFISKH _dFISKH |
||
| 050 | _aPZ8.P18 | ||
| 082 | _a123 | ||
| 100 |
_aParker, Vic _d(1910-) |
||
| 245 |
_aBearobics / _cA Hip-Hop Counting Story Vic Parker Emily Bolam |
||
| 250 | _aFirst printing in 1998 | ||
| 260 |
_aNew York : _bScholastic, _c1998. |
||
| 300 |
_a26 pages : _bcolor illustrations ; _c23 cm |
||
| 505 | _aN | ||
| 520 | _aWhen one shaggy bear increases the volume of the music, all the inhabitants of the forest--including two bouncing kangaroos and three giggling gorillas--gather for a fun time dancing. | ||
| 521 | 8 |
_a570L
_bLexile |
|
| 521 | 8 |
_aN
_bRaz-Plus |
|
| 650 |
_2Rhyming _aMath |
||
| 650 |
_2Movement _aNumbers |
||
| 700 |
_aBolam, Emily _dIllustrator |
||
| 942 |
_2ddc _cBK _n0 |
||
| 999 |
_c5478 _d5478 |
||